000
00237 a2200097 4500
001
41935
100
_a
McGraw Hill
245
_a
Encyclopedia of Science & Technology (Vol-I)
260
_a
New York
_b
McGraw-Hill
_c
090
_c
25997
_d
25997
942
_a
NUST-CAE
_c
M
_c
17776
999
_c
277008
_d
277008